Портативный вихретоковый дефектоскоп ВДЗ-71; В мире неразрушающего контроля; № 4

Bibliografiset tiedot
Parent link:В мире неразрушающего контроля: Ежеквартальное журнальное обозрение.— , 2001-.— 1609-3178
№ 4.— 2006.— С. 63-66
Päätekijä: Джаганян А. В.
Muut tekijät: Лепеха В. Л.
Kieli:venäjä
Julkaistu: 2006
Sarja:Вихретоковый контроль
Aiheet:
Aineistotyyppi: MixedMaterials Kirjan osa
KOHA link:https://koha.lib.tpu.ru/cgi-bin/koha/opac-detail.pl?biblionumber=403861

MARC

LEADER 00000naa2a2200000 4500
001 403861
005 20231101070004.0
035 |a (RuTPU)RU\TPU\prd\50690 
090 |a 403861 
100 |a 20070507a2006 k y0rusy50 ca 
101 0 |a rus 
102 |a RU 
200 1 |a Портативный вихретоковый дефектоскоп ВДЗ-71  |f А. В. Джаганян, В. Л. Лепеха 
225 1 |a Вихретоковый контроль 
320 |a Библиогр.: 8 назв. 
461 0 |0 (RuTPU)RU\TPU\prd\1155  |x 1609-3178  |t В мире неразрушающего контроля  |o Ежеквартальное журнальное обозрение  |d 2001- 
463 0 |0 (RuTPU)RU\TPU\prd\49593  |t № 4  |v С. 63-66  |d 2006 
610 1 |a дефектоскопы ВДЗ-71 
610 1 |a вихретоковый контроль 
610 1 |a характеристики 
610 1 |a портативные дефектоскопы 
700 1 |a Джаганян  |b А. В. 
701 1 |a Лепеха  |b В. Л. 
801 1 |a RU  |b 63413507  |c 20070507  |g PSBO 
942 |c BK